| 000 | 00453nam a22001817a 4500 | ||
|---|---|---|---|
| 003 | MPLRDC | ||
| 005 | 20220104144312.0 | ||
| 008 | 210129b ||||| |||| 00| 0 eng d | ||
| 082 | _a316.2 XJF 1965 | ||
| 100 | _a许纯舫编 | ||
| 245 |
_a立体几何学习指导 _c |
||
| 250 | _a初版 | ||
| 260 |
_a _b立育图书文具公司 _c1965 |
||
| 300 | _b平 | ||
| 490 | _a数理化学习丛书 | ||
| 650 | _a立体几何 | ||
| 942 |
_cBK _o316.2 XJF 1965 |
||
| 999 |
_c48290 _d48280 |
||